| 000 | 00479cam a2200181ua 4500 | ||
|---|---|---|---|
| 001 | 22138 | ||
| 008 | 160305n1987 II |||gr||||Z||||||eng | ||
| 040 | _aMAIN | ||
| 041 | _aEnglish | ||
| 082 | _a540 SAR | ||
| 245 | _aMODERN APPROACH TO CHEMISTRY (P-1) | ||
| 260 |
_aNEW DELHI _bKALYANI PUBLISHERS _c1987 |
||
| 300 |
_a790: _c20CM. |
||
| 500 | _aDonated by Mina Kri Agarwal,Sibsagar | ||
| 653 | _aChemistry & allied sciences | ||
| 700 |
_aSARMAH, Y.R., _eAUTHOR. |
||
| 942 | _cBK | ||
| 999 |
_c21998 _d21998 |
||